|
|
|
|
| LEADER |
00000nab a2200000 ar4500 |
| 001 |
vtls008887824 |
| 003 |
SK-MaSNL |
| 005 |
20260305041540.0 |
| 008 |
061204c2006 xo |||||||||||000 b|slo |
| 015 |
|
|
|a SNBRB2006/12
|2 snkbucl
|
| 038 |
|
|
|a SNKBUCL
|
| 040 |
|
|
|a SNKBUCL
|b slo
|c SNKBUCL
|e AACR2
|
| 041 |
0 |
|
|a slo
|
| 044 |
|
|
|a xo
|c SK
|
| 080 |
|
|
|a 725.23
|x (437.6)
|2 1997
|
| 080 |
|
|
|a 72.071.1
|2 1997
|
| 245 |
0 |
0 |
|a Atraktívna administratívna budova spoločnosti MONTEX v Rovinke
|b Ing. arch. Márius Žitňanský - Príbehy
|c ďakujeme Milanovi Ježovičovi a Máriusovi Žitňanskému; spracoval av
|
| 300 |
|
|
|b Fotogr.
|
| 600 |
1 |
7 |
|a Žitňanský, Márius,
|d 1952-
|2 snkbucl
|9 107590
|
| 610 |
2 |
7 |
|a Montex (Rovinka, Slovensko)
|x administratívna budova
|x architektúra
|2 snkbucl
|9 1622202
|
| 611 |
2 |
7 |
|a Stavba roka
|n (12. :
|d 2006 :
|c Slovensko)
|2 snkbucl
|9 1058309
|
| 651 |
|
7 |
|a Rovinka (Slovensko)
|2 snkbucl
|9 85532
|
| 651 |
|
7 |
|a Senec (Slovensko : okres)
|2 snkbucl
|9 74232
|
| 700 |
1 |
|
|a Ježovič, Milan
|4 aut
|4 ive
|9 1122199
|
| 700 |
1 |
|
|a Žitňanský, Márius,
|d 1952-
|4 aut
|4 ive
|9 107590
|
| 740 |
0 |
2 |
|a Ing. arch. Márius Žitňanský - Príbehy
|
| 773 |
0 |
|
|t In Energo Eco
|g Roč. 1, č. 8/9 (2006), s. 16-19
|x 1336-8273
|
| 852 |
|
|
|a SNK
|b KIS3GCP
|
| 958 |
|
|
|a SK
|
| 999 |
|
|
|c 3344151
|d 3346081
|